| 000 | 00519nam a22001577a 4500 | ||
|---|---|---|---|
| 003 | SGT | ||
| 020 | _a9788120328617 | ||
| 082 |
_a511.322 _bGAN |
||
| 100 | _aGANESH,M | ||
| 245 | _aINTRODUCATION TO FUZZY SETS AND FUZZY LOGIC | ||
| 260 |
_aNEW DELHI _bPHI _c2015 |
||
| 300 | _a238 | ||
| 650 | _aCOMPUTER SCIENCE ENGINEERING | ||
| 653 | _aCRISP SET THEORY, PROPOSITIONAL LOGIC,PREDICATE LOGIC, SWITCHING FUNCATIONS AND SWITCHING CIRCUITS,BOOLEAN ALGEBRA, FUZZY SET THEORY, FUZZY RELATIONS, FUZZY LOGIC, | ||
| 942 |
_2ddc _cBK |
||
| 999 |
_c8231 _d8231 |
||